Datum a čas kvízu
32
Celkem bodů
Celkový počet nahraných bodů na tomto kvízu bez doplňovacích otázek.
1.
Pořadí na kvízu
Konečné umístění týmu na tomto kvízu.
Zaznamenané odpovědi
| # | Otázka | Odpověď | Body | Výsledky |
|---|---|---|---|---|
| 1. | Hnutí ANO hrozí pokuta kvůli n... | Pojď do mě! | 0 | |
| 2. | Velká Británie minulý týden de... | po 47 letech (42–52) | 1 | |
| 3. | V pražském Divadle Archa se v... | Kolja | 1 | |
| 4. | Internetovým světem hýbe skand... | Avast | 1 | |
| 5. | Reprezentační útočník Michael... | Bruggy | 1 | |
| 6. | Co všechno může být ztracené?... | Jantarová komnata | 1 | |
| 7. | Vzpomenete si na seriál Ztrace... | lední medvěd | 1 | |
| 8. | "Ne každé zlato třpytívá se, n... | Bilbo Pytlík | 0 | |
| 9. | V seznamu 100 nejdůležitějších... | Hledání ztraceného času | 0 | |
| 10. | Jako Zázrak v Andách se někdy... | ragby | 1 |